Marketingové riadenie školy ako faktor úspechu
Marketingové riadenie školy ako nástroj plnenia jej hlavného cieľa, vybudovať efektívne fungujúcu vzdelávaciu inštitúciu. Marketingové plány. Marketingový mix alebo 5P každej školy. Ilustračný príklad.
Na minha lista:
| Autor principal: | |
|---|---|
| Formato: | Capítulo de Livro |
| Idioma: | eslovaco |
| Assuntos: | |
| Tags: |
Sem tags, seja o primeiro a adicionar uma tag!
|
MARC
| LEADER | 00000naa a2200000 4500 | ||
|---|---|---|---|
| 001 | 0134445 | ||
| 005 | 20231127102353.3 | ||
| 041 | 0 | |a slo | |
| 044 | |a SK | ||
| 245 | 1 | 0 | |a Marketingové riadenie školy ako faktor úspechu |c Saskia Repčíková |
| 520 | |a Marketingové riadenie školy ako nástroj plnenia jej hlavného cieľa, vybudovať efektívne fungujúcu vzdelávaciu inštitúciu. Marketingové plány. Marketingový mix alebo 5P každej školy. Ilustračný príklad. | ||
| 610 | 2 | 0 | |a školy |
| 610 | 2 | 0 | |a zariadenia školské |
| 610 | 2 | 0 | |a plánovanie |
| 610 | 2 | 0 | |a plán marketingový |
| 610 | 2 | 0 | |a marketing mix |
| 100 | 1 | |a Repčíková, Saskia | |